[Event "Olympiad-34"]
[Site "Istanbul"]
[Date "2000.11.10"]
[Round "13.1"]
[White "Beliavsky, Alexander G"]
[Black "Ftacnik, Lubomir"]
[Result "1-0"]
[WhiteElo "2654"]
[BlackElo "2608"]
[Annotator "Krasenkow,M"]
[PlyCount "123"]
[EventDate "2000.10.28"]
[EventType "team-swiss"]
[EventRounds "14"]
[EventCountry "TUR"]
[SourceTitle "EXT 2001"]
[Source "ChessBase"]
[SourceDate "2000.11.22"]
[SourceVersion "1"]
[SourceVersionDate "2000.11.22"]
[SourceQuality "1"]
[WhiteTeam "Slovenia"]
[BlackTeam "Slovakia"]
[WhiteTeamCountry "SLO"]
[BlackTeamCountry "SVK"]

1. d4 Nf6 2. c4 g6 3. Nc3 d5 4. cxd5 Nxd5 5. e4 Nxc3 6. bxc3 Bg7 7. Bc4 O-O 8.
Ne2 Nc6 9. O-O e5 10. d5 {An important alternative to the main line} (10. Ba3)
10... Na5 11. Bd3 (11. Bb3 {[%cal Yb3a4] was played in one game, which didn't
bring White any real success:} b6 12. c4 Qe7 13. Be3 Nb7 14. Ba4 Nc5 15. Bc6
Rb8 16. Nc3 f5 17. f3 fxe4 18. Nxe4 Nxe4 19. fxe4 Rxf1+ 20. Qxf1 Ba6 21. Bb5
Rf8 22. Qd3 Bxb5 23. cxb5 Rf7 24. a4 Qh4 25. a5 Bh6 $11 {1/2-1/2 Arakhamia,
K-Akopian,V/Moscow GMA-op 1989 (34)}) 11... b6 (11... Bg4 $6 12. f3 Bd7 13. c4
c6 14. Bd2 b6 15. Bxa5 bxa5 16. Rb1 $14 {Marie,P-Damary,O/Erevan olm 1996/1-0 
(49)}) (11... c6 $5 12. c4 b5 13. cxb5 (13. Bd2 Nxc4 14. Bxc4 bxc4 15. Bb4 Re8
16. dxc6 Qb6 17. Qa4 Re6 18. Rad1 Ba6 19. Nc3 Qxc6 $15 {1/2-1/2 Mortensen,H-El
Kher,H/Politiken Cup 1999 (27)}) 13... cxd5 14. Ba3 Re8 15. Nc3 Bb7 16. Bb4 Nc4
17. Qe2 Nb6 18. a4 f5 19. Rad1 Qh4 20. g3 Qh3 21. a5 d4 22. axb6 dxc3 23. Bc4+
Kh8 24. Rd7 Bxe4 25. f3 f4 26. Rxg7 {Rashkovsky,N-Yermolinsky,A/Aktjubinsk
1985/1/2-1/2 (58)}) 12. Bb2 {Other options:} (12. c4 f5 (12... Nb7 13. Nc3 Bd7
14. Bc2 f5 15. Ba4 Rf7 16. Ba3 Nd6 17. Bxd7 Qxd7 18. c5 Nxe4 19. Nxe4 fxe4 20.
Qb3 {1/2-1/2 Razuvaev,Y-Stohl,I/Burgas 1992}) 13. Nc3 c6 14. dxc6 $6 Nxc6 15.
Ba3 Rf7 16. c5 Be6 17. Qa4 Nd4 18. Rad1 bxc5 19. Bxc5 Rc7 20. Qa5 $2 Rxc5 $3
21. Qxc5 Bf8 22. Qxe5 Bd6 23. Qxd4 Bxh2+ 24. Kxh2 Qxd4 $17 {0-1 Zueger,
B-Kindermann,S/Munich 1989/CBM 13 (62)}) (12. f4 exf4 13. Bxf4 Bg4 14. h3 Bxe2
15. Qxe2 Qe7 16. Rac1 Be5 17. Qg4 Bxf4 18. Qxf4 Rae8 19. Kh1 Qe5 20. Qd2 Nb7
21. Rce1 Nc5 22. Bc2 Re7 23. Rf4 Qg5 24. Qf2 Nd7 25. Rf1 Ne5 {Del Rey,D-De la
Villa Garcia,J/Aceimar op 1995/1/2-1/2 (61)}) (12. Rb1 c6 13. Ba3 c5 14. Bc1 f5
15. f4 $6 fxe4 16. Bxe4 Qd6 17. h3 Bd7 18. Qd3 Rae8 19. c4 exf4 20. Bxf4 Qe7
21. Ng3 Qh4 22. Bd6 Bd4+ 23. Kh2 Rf2 $1 $17 {0-1 Wilder,M-Gulko,B/USA-ch 1988/
CBM 11 (45)}) (12. a4 c6 13. c4 f5 14. Ba3 c5 15. Nc3 Bd7 16. Bc1 f4 17. Be2 f3
$1 18. Bxf3 Nxc4 19. Be2 Nd6 20. Rb1 a6 21. Be3 Qc7 22. Rb3 Rfb8 23. Qb1 b5 $1
$17 24. axb5 axb5 25. Nxb5 Qb7 26. Bxc5 Nxb5 {0-1 Garcia Palermo,C-Ftacnik,L/
Manila 1992/TD (38)}) 12... f5 (12... c5 {looks premature:} 13. c4 f5 14. exf5
$1 {Now the position of the b2 bishop is appropriate and the black knight is
still on a5!} gxf5 15. Ng3 Bd7 16. Re1 e4 17. Bxg7 Kxg7 18. Bf1 Qg5 19. f3 Rae8
20. fxe4 f4 21. Qd2 Qe5 22. Nh1 {[%cal Yh1f2,Yf2d3]} Kh8 23. Rac1 Nb7 24. Qc3
Nd6 25. Nf2 Rf7 26. Qf3 Bc8 27. Kh1 Qg5 28. e5 Nf5 29. e6 {1-0 Timoshenko,
G-Topakian,R/Hartberg op 1991 (31)}) 13. f3 Qe7 14. Kh1 Bd7 15. c4 fxe4 {
Making use of the fact that White can't recapture with the bishop.} (15... Nb7
$5 16. exf5 gxf5 17. Re1 Nc5 18. Ng3 Rae8) 16. fxe4 {[%mdl 32]} Bg4 $6 {
Black is controlling the dark squares and has an excellent position but the
text move is unnecessary and allows White to activate his queen. It is hard to
believe that the black knight will never be able to come to c5!} (16... Rxf1+
17. Qxf1 Rf8 {[%cal Ya5b7,Yb7c5]}) 17. Qa4 {[%cal Rb2a3] White threatens 18.
Ba3 and prepares an invasion to c6 in case of ...Nb7.} Qg5 18. Ng1 Qd2 19. Qa3
Nb7 {too late!} 20. Bc1 Qa5 ({After} 20... Rxf1 21. Bxd2 Rxa1 22. h3 Bd7 23.
Qb2 {the black rook is trapped. However, White will never win the position
after, say,} Rd1 24. Be2 Rxd2 25. Qxd2 Rf8) 21. Qxa5 Nxa5 22. Ba3 Rxf1 23. Rxf1
Bf8 $6 {After this the a5 knight unexpectedly gets into trouble.} (23... Nb7
$142 24. h3 Bd7 25. Nf3 Re8) 24. Bb2 Bd6 25. h3 Bd7 26. Nf3 Re8 27. c5 $1 bxc5
28. Ba6 {[%csl Ra5][%cal Gb2c3] That's it!} Bc8 (28... Nb7 29. Bxb7 Rb8 30.
Bxe5 Rxb7 31. Bc3 $16 {[%csl Ge4]}) 29. Bxc8 Rxc8 30. Nxe5 Bxe5 31. Bxe5 $14 {
White has obtained a strong bishop against the knight with passed pawns on the
board.} Nc4 32. Bf4 {[%csl Ge4]} Re8 33. e5 $1 Nb6 34. Rd1 Rd8 (34... c4 $6 35.
e6 c3 36. Bh6 c2 37. Rd3 {and Black will soon get into zugzwang.}) 35. d6 (35.
e6 $143 Rxd5 36. Rf1 (36. Re1 Kf8) 36... Rf5 (36... Rd8 $5) 37. Re1 (37. g4 Rf8
) 37... Kf8 38. Bxc7 $13) 35... cxd6 (35... Kf7 36. e6+ $1 Kxe6 37. Re1+ Kd5
38. dxc7 $16) 36. Bg5 Re8 37. exd6 Re5 (37... Nd7 $5 38. Rb1 Kf7 39. Rb7 Ke6
40. Bf4 Ra8) 38. Bf4 Re4 39. Bg3 Nd7 $6 {Now White simply wins the a7 pawn.} ({
It looks risky for Black to allow the white rook to the e-file by} 39... Rd4
40. Re1 (40. Rxd4 {is harmless:} cxd4 41. Kg1 Kf7 42. Kf2 Ke6 43. Ke2 Kd5 44.
Kd3 Nd7) {but after} 40... Nc4 $1 41. Re8+ Kf7 42. Re7+ Kf6 {Black shouldn't
lose, e.g.} 43. Rxh7 Rd1+ 44. Kh2 Ne3 45. Bf4 Nf1+ 46. Kg1 g5 47. Bh2 Nxh2+ 48.
Kxh2 Rxd6 49. Rxa7 Rc6) 40. Rb1 Kf7 (40... Rb4 41. Re1 {is now clearly
favourable for White.}) 41. Rb7 Ke6 42. Rxa7 h5 43. Ra8 Kd5 (43... Ne5 44. Rg8
$1) 44. Rh8 Ra4 45. Rd8 Kc6 (45... h4 $142) 46. Rg8 h4 47. Bf2 Ne5 48. Rc8+
Kxd6 49. Bxc5+ Kd7 50. Rh8 Rxa2 51. Rxh4 $16 {[%mdl 4096] In this endgame,
despite the fact that all the pawns are on the same side, the combination R+B
is very powerful.} Ke6 52. Rh8 Nd3 53. Be3 Re2 {This allows White to cut off
the black king.} (53... Kf7 $142) 54. Rf8 $1 {[%csl Rg6][%cal Ye3g5,Yf8f6]} Ke7
55. Rf3 Ne1 $2 {This only loses time as Black will not be able to capture the
g2 pawn. After the text move Black can't organise good defense anymore.} (55...
Ke6 $142 56. Bg5 $140 Nf2+ 57. Kg1 Ne4) 56. Bc5+ Ke6 (56... Kd7 57. Rf7+ Kc6
58. Bf2) 57. Rf8 $1 Kd7 (57... Rxg2 58. Re8+ Kd5 59. Rxe1 Rg3 60. Re3 $18) 58.
Bf2 Nd3 (58... Ke7 59. Rf4 g5 60. Rf5 Ke6 61. g4 {[%csl Rg5]}) 59. Bh4 Ne5 $6 (
59... Re8 {was the only way to defend the g6 pawn, although after} 60. Rf7+ (
60. Rf6 Re6) 60... Kd6 61. Kh2 {Black will hardly survive.}) 60. Rf6 Re3 61.
Kh2 Re2 62. Bg3 {Black resigned as after the loss of the g6 pawn he has no
chances whatsoever.} 1-0

[Event "St Petersburg White Nights"]
[Site "St Petersburg"]
[Date "1999.06.30"]
[Round "5"]
[White "Lytchak, Alexander"]
[Black "Lukin, Andrei M"]
[Result "1-0"]
[WhiteElo "2375"]
[BlackElo "2440"]
[Annotator "Krasenkow,M"]
[PlyCount "57"]
[EventDate "1999.06.26"]
[EventType "tourn"]
[EventRounds "9"]
[EventCountry "RUS"]
[EventCategory "8"]
[SourceTitle "CBM 072"]
[Source "ChessBase"]
[SourceDate "1999.10.01"]
[SourceVersion "1"]
[SourceVersionDate "1999.10.01"]
[SourceQuality "1"]

1. d4 Nf6 2. c4 g6 3. Nc3 d5 4. cxd5 Nxd5 5. e4 Nxc3 6. bxc3 Bg7 7. Bc4 O-O 8.
Ne2 Nc6 {Black delays ...c7-c5 in order to keep the idea ...e7-e5, too.} 9. O-O
b6 10. Bg5 Bb7 11. Qd2 Qd7 (11... Qd6) 12. Bb5 $3 {[%mdl 8] A brilliant new
idea. White provokes the weakening of Black's queenside (...a7-a6) before his
bishop retreats to d3.} (12. Rad1 Rae8 $5 {[%cal Ye7e5]} (12... e6 13. Bd3 Rfe8
14. Bh6 Bh8 15. f4 f5 16. Ng3 Na5 17. Qe2 a6 18. h3 Qc6 19. Rf3 Qd6 20. Re3 Kf7
21. Re1 $40 {Olafsson,H-Ostenstad,B/Torshavn Nordic-ch 1987/1-0 (40)}) (12...
Na5 13. Bd3 e5 14. Bh6 Rad8 15. Bxg7 Kxg7 16. Qe3 Qe7 17. dxe5 Qxe5 18. f4 Qc5
$1 $13 {Naumkin,I-Vlad,D/Bucuresti 1993}) (12... e5 13. Bd5 Na5 14. Bxb7 Nxb7
15. Bh6 Rad8 16. Bxg7 Kxg7 17. f4 f6 18. fxe5 fxe5 19. Qg5 Qd6 20. Ng3 Kh8 $11
{Campos Moreno,J-Ftacnik,L/Barcelona-Lyon 1991}) 13. Qe3 Na5 14. Bd3 Qa4 15. f4
Nc4 16. Qc1 f6 17. Bh4 e6 18. Rf2 Qxa2 19. f5 exf5 20. Qa1 Qa6 $1 $17 {0-1
Vogel,R-Hort,V/BL9394 1994 (25)}) (12. Bh6 Na5 13. Bd3 c5 (13... Rae8 $5 {
[%cal Ye7e5]}) 14. Rad1 cxd4 15. cxd4 Rac8 (15... e6) 16. Bxg7 Kxg7 17. d5 Kg8
18. Qg5 Nc4 19. Nd4 e5 20. Bxc4 exd4 21. Bb3 Ba6 22. Rfe1 d3 23. e5 $16 {
1-0 Lautier,J-Ostenstad,B/Reykjavik op 1988 (30)}) 12... a6 13. Bd3 e6 ({After
} 13... e5 14. d5 Na5 15. c4 {the position of Black's knight is much less
solid than in the case his pawn were on a7. For instance,} c6 {doesn't work
now in view of} 16. Rab1 {[%csl Rb6]}) 14. e5 $1 {Returning to a usual plan
including the kingside attack by means of h2-h4-h5 or...} Na5 $2 (14... Ne7)
15. Ng3 c5 16. Nh5 $1 {[%cal Rh5f6,Rh5g7] The point!} f6 (16... gxh5 17. Bf6 h6
(17... Bxf6 18. Qh6) 18. Qf4 Qd5 19. f3 $18) 17. Nxf6+ Bxf6 18. Bxf6 cxd4 19.
cxd4 Qxd4 (19... Qd5 20. f3 (20. Qg5 $4 Rxf6) 20... Qxd4+ 21. Kh1 {[%cal Rd2h6]
} Rf7 22. Rfd1 $18) 20. Qh6 Rxf6 21. exf6 Qxf6 22. Rac1 Qf7 23. Qe3 b5 24. Qb6
Nc4 25. Bxc4 bxc4 26. Rxc4 Bd5 27. Rc7 Qf6 28. Rfc1 Qg5 29. f3 1-0

[Event "Abu Dhabi op 14th"]
[Site "Abu Dhabi"]
[Date "2004.08.15"]
[Round "2"]
[White "Kobalia, Mihail"]
[Black "Vakhidov, Tahir"]
[Result "1-0"]
[WhiteElo "2618"]
[BlackElo "2504"]
[Annotator "Krasenkow,M"]
[PlyCount "78"]
[EventDate "2004.08.14"]
[EventType "swiss"]
[EventRounds "9"]
[EventCountry "UAE"]
[SourceTitle "CBM 103"]
[Source "ChessBase"]
[SourceDate "2004.11.11"]
[SourceVersion "1"]
[SourceVersionDate "2004.11.11"]
[SourceQuality "1"]

1. d4 Nf6 2. c4 g6 3. Nc3 d5 4. cxd5 Nxd5 5. e4 Nxc3 6. bxc3 Bg7 7. Bc4 O-O 8.
Ne2 b6 9. h4 Nc6 10. Bd5 {The idea of this temporary pin is to delay the
attack of the white centre, as in the line} (10. h5 Na5 {[%cal Yc7c5,Ye7e5]})
10... Bb7 $6 {An inaccurate move.} ({For} 10... Qd7 {here is the most recent
instructive game:} 11. h5 e6 12. Bb3 Na5 13. Qd3 e5 14. hxg6 hxg6 15. Qg3 Nxb3
16. axb3 Qe7 17. Qh2 f5 18. Qg3 exd4 19. Qxg6 dxc3 20. Qh7+ Kf7 21. exf5 Qf6
22. Qh5+ Kg8 23. g4 c2 24. Ra2 Qc6 25. Qh7+ Kf7 26. Rh6 Rd8 27. Rxc2 $1 Qxc2
28. Rf6+ Kxf6 29. Qg6+ Ke7 30. Qxg7+ Kd6 31. Qd4+ Kc6 32. Qxd8 Qxe2+ 33. Kxe2
Ba6+ 34. Qd3 Re8+ 35. Be3 Bxd3+ 36. Kxd3 Kd5 37. f4 c5 38. g5 b5 39. g6 c4+ 40.
bxc4+ bxc4+ 41. Ke2 Rg8 42. Kf3 c3 43. Kg4 Re8 44. f6 c2 45. Bc1 Re1 46. g7
Rg1+ 47. Kf5 {1-0 Berkes,F-Navara,D/Balatonlelle HUN 2003/The Week in Chess
455 (47).}) 11. h5 e6 12. Bb3 Na5 13. Qd3 $6 {The same approach as in
Berkes-Navara. but not the right executuion!} (13. Bc2 $5 {is interesting:} e5
14. Qd3 Re8 15. hxg6 fxg6 16. Qh3 h5 17. d5 Qc8 18. Qg3 Qg4 19. Qxg4 hxg4 20.
Rh4 Bc8 21. Ba4 Rf8 22. Ba3 $16 {0-1 Joyce,J-Littlewood,J/Dublin 1995/CBM 46
ext (46)}) (13. hxg6 $1 {this is probably more accurate than the text move as
it forces} hxg6 14. Qd3 Nxb3 15. axb3 f5 (15... e5 16. Qh3 f6 17. d5 Qc8 18.
Qh7+ Kf7 19. Bh6 Rg8 20. f4 Qe8 21. O-O Bc8 22. fxe5 Qxe5 23. Nf4 f5 24. Qxg6+
Kf8 25. Ne6+ Ke7 26. Nxg7 Bd7 27. exf5 {1-0 Petran,P-Krnic,Z/Beograd (C.Zvezda)
1977/Inf 23 (27).}) 16. Qg3 $1 Bxe4 17. Qxg6 Qf6 18. Qh5 $1 $18 {[%cal Rc1g5]
1-0 Timman,J-Riemersma,L/Nederland (ch) 71/(493) 1997/Inf 71 (18)}) 13... Nxb3
14. axb3 e5 15. hxg6 fxg6 {This is the difference. White is still better but
not mating at once!} 16. d5 (16. Qh3 h5 17. Qe6+ Kh7 18. Ng3 {brings nothing
due to} Qe8) 16... c6 17. c4 cxd5 18. cxd5 a5 (18... Rf7 {was more solid.}) 19.
Qh3 h5 20. Qe6+ $6 (20. Qg3 $142 {[%csl Rg5]}) 20... Kh7 21. Be3 Rf6 $1 {
Black boldly gives up the exchange.} 22. Bg5 $2 (22. Qh3 $142 {admitting that
the check on e6 was inaccurate.}) 22... Rxe6 23. Bxd8 Rxd8 $1 24. dxe6 Bxe4 25.
O-O Re8 26. Rac1 Rxe6 $17 {So, Black has two pawns for the exchange and a
bishop pair. White must fight for the draw.} 27. Rfd1 Bc6 28. Rd8 Bf6 29. Rb8
Bd5 30. Nc3 $5 {An interesting idea - to activate the knight at the price of a
pawn.} Bxb3 31. Ne4 Bd5 {Black starts overlooking tactical tricks.} ({After} 
31... Kh6 32. Nc5 bxc5 33. Rxb3 {White still keeps drawing chances.}) 32. Re8
$1 Be7 $2 {Apparently, this is not a blunder. Black decides to give up
material missing the best (but very difficult) move} (32... Bd8 $3 {[%mdl 64]}
33. Ng5+ $1 Bxg5 34. Rc7+ Be7 35. Rcxe7+ Rxe7 36. Rxe7+ Kh6 37. Rxe5 Bc4 {
with fair chances to win.}) 33. Rxe7+ Rxe7 34. Nf6+ Kg7 35. Nxd5 Rb7 36. Kf1 b5
37. Ra1 a4 38. Ke2 Kf7 39. Nc3 Ke6 {Black certainly lost on time. The position
is roughly equal, e.g.} (39... Ke6 40. Rb1 a3 41. Na2 Kd5 42. Kd3 e4+ 43. Kc3
Rf7 44. Rxb5+ Kd6 45. Rb6+ Ke5 {[%cal Rf7f2] with a probable draw.}) 1-0

[Event "Ashdod"]
[Site "Ashdod"]
[Date "2004.12.13"]
[Round "4"]
[White "Kaidanov, Gregory S"]
[Black "Avrukh, Boris"]
[Result "1/2-1/2"]
[WhiteElo "2611"]
[BlackElo "2614"]
[Annotator "Krasenkow,M"]
[PlyCount "67"]
[EventDate "2004.12.10"]
[EventType "tourn"]
[EventRounds "5"]
[EventCountry "ISR"]
[EventCategory "16"]
[SourceTitle "CBM 105"]
[Source "ChessBase"]
[SourceDate "2005.04.11"]
[SourceVersion "1"]
[SourceVersionDate "2005.04.11"]
[SourceQuality "1"]

1. d4 Nf6 2. c4 g6 3. Nc3 d5 4. cxd5 Nxd5 5. e4 Nxc3 6. bxc3 Bg7 7. Bc4 c5 8.
Ne2 Nc6 9. Be3 cxd4 10. cxd4 Qa5+ 11. Bd2 Qd8 12. Be3 Qa5+ 13. Bd2 Qd8 14. Bc3
O-O {This line was examined in CBM96 (annotations to Korobov-Avrukh) and CBM99
(annotations to Sakaev-McShane).} 15. O-O (15. Qd2 Bg4 $5 16. f3 Bd7 17. Rc1
Rc8 18. Bb3 e5 19. d5 Nd4 20. Nxd4 exd4 21. Bb4 Rxc1+ 22. Qxc1 Re8 23. O-O a5
$132 {1/2-1/2 Karsa,L-Liptay,L/Hungary 1992/EXT 2000 (40). (41)}) 15... Bg4 {
An idea of GM Peter Svidler. In some lines it is important for Black to have a
check along the a7-g1 diagonal.} (15... Bd7 16. Qd2 Rc8 17. Rac1 a6 18. Bb3 $1
e6 19. d5 exd5 20. Bxg7 Kxg7 21. Bxd5 f6 22. Nf4 Qe7 23. h3 Rfd8 24. Qe3 $14 {
1-0 Sakaev,K-McShane,L/Germany 2003/CBM 099/[Krasenkow] (38)}) 16. f3 Bd7 17.
Rb1 ({In case of} 17. Qd2 {the position of the white pawn on f3 makes Black's
life easier, e.g.} Rc8 18. Rac1 a6 19. Bb3 b5 20. d5 Qb6+ 21. Kh1 Bxc3 22. Rxc3
Ne5 $132) (17. Qb3 Rb8 18. Qa3 $4 {0-1 Milat,P-Reznicek,M/Karvina 2003/EXT
2005 (50)} b5 19. d5 Qb6+ 20. Kh1 b4 $19) 17... Qc7 18. Rc1 $146 (18. Qd2 a6
19. Bb3 b5 20. Kh1 Qb6 21. f4 Rac8 22. f5 b4 23. Ba1 Na5 24. Nf4 Nxb3 25. Rxb3
a5 $13 {0-1 Beliavsky,A-Svidler,P/Madrid 1998/CBM 065/[Ubilava] (43)}) 18...
Rac8 19. Qd2 Ne5 $5 {Black want to solve his problems immediately.} (19... a6 {
is another option.}) 20. Bb3 (20. dxe5 $6 Qxc4 21. Qxd7 Qxe2 22. Rfe1 Qa6 23.
Qxe7 $2 Bh6 $19) 20... Nc4 21. Bxc4 Qxc4 22. Bb4 (22. d5 $5) 22... Bh6 $1 23.
f4 (23. Qxh6 Qxb4 24. Rb1 Qa4 25. Rxb7 $2 Bb5 {[%cal Ra4a6]}) 23... Qe6 24. Nc3
$6 {White prevents ...Bb5 but c3 is too a passive position for the knight. The
initiative passes to Black.} (24. d5 $5 Qb6+ 25. Kh1 Rxc1 26. Rxc1 Re8 27. e5
$14) 24... Rfe8 25. Bc5 b6 26. d5 Qg4 27. Be3 Rc4 28. d6 Bc6 29. Qd3 b5 30.
dxe7 (30. Nxb5 $5 Bxe4 $140 31. Qd2 Rxc1 32. Rxc1 exd6 33. Nxd6 Bxg2 34. Nxe8
Bh3+ 35. Kh1 Qf3+ $11) (30. Nd5 $5 Bxd5 $140 31. Qxd5 Rxc1 32. Bxc1 exd6 33. e5
$1) 30... Rxe7 31. Nd5 Bxd5 32. exd5 Rxc1 33. Bxc1 Qe2 $6 (33... Re2 $5 34. Rf2
Rxf2 35. Kxf2 Bxf4 36. h3 Qg5 37. Bxf4 Qxf4+ $15 {_|_}) 34. Qxe2 (34. Qxe2 Rxe2
35. d6 Kf8 36. f5 Bxc1 37. Rxc1 Ke8 $11) 1/2-1/2

[Event "YUG-ch 57th"]
[Site "Banja Koviljaca"]
[Date "2002.03.23"]
[Round "7"]
[White "Antic, Dejan"]
[Black "Popovic, Petar"]
[Result "1-0"]
[WhiteElo "2470"]
[BlackElo "2533"]
[Annotator "Krasenkow,M"]
[PlyCount "79"]
[EventDate "2002.03.16"]
[EventType "tourn"]
[EventRounds "13"]
[EventCountry "YUG"]
[EventCategory "10"]
[SourceTitle "CBM 089"]
[Source "ChessBase"]
[SourceDate "2002.08.12"]
[SourceVersion "1"]
[SourceVersionDate "2002.08.12"]
[SourceQuality "1"]

1. d4 Nf6 2. c4 g6 3. Nc3 d5 4. cxd5 Nxd5 5. e4 Nxc3 6. bxc3 Bg7 7. Bc4 O-O 8.
Ne2 Nc6 9. O-O e5 10. d5 Na5 {This line was covered in my annotations to the
game Beliavsky-Ftacnik (Istanbul 2000)/EXT 2001} 11. Bd3 b6 12. c4 Nb7 13. Be3
(13. Nc3 Bd7 14. Bc2 f5 15. Ba4 Rf7 16. Ba3 Nd6 17. Bxd7 Qxd7 18. c5 Nxe4 19.
Nxe4 fxe4 20. Qb3 {1/2-1/2 Razuvaev,Y-Stohl,I/Elenite 1992/CBM 32 (20).}) 13...
Qe7 14. Nc3 f5 15. f3 Bd7 16. Nb5 c5 17. dxc6 Bxc6 18. Nc3 Nc5 19. Nd5 Qd6 {
Black's position is quite solid. White's following attempts to cripple it
don't bring any real success.} 20. a4 Rab8 21. Bc2 Rf7 22. a5 Bf8 23. Qd2 Bxd5
(23... f4 24. Bf2 b5 {was quite possible at once.}) 24. cxd5 f4 25. Bf2 b5 26.
Rfc1 Rc7 27. Bd1 a6 28. g3 fxg3 {It was not necessary to open all ways for the
white pieces on the kinside.} ({There was nothing wrong with} 28... g5) 29.
hxg3 Rbc8 30. Rab1 Qf6 31. Be3 Bd6 (31... Qd6 {was more accurate.}) 32. Rc3 Nd7
$2 {A tactical blunder which ruins Black's position. Waiting strategy was
required:} (32... Qe7 33. Rbc1 Qf6 {as threats ...Nb3, ...Nd3 and ...b4 make
manoeuvring like Be2-f1-h3 impossible for White.}) 33. Rc6 $1 Rxc6 34. dxc6 Nb8
35. Rc1 $1 {[%csl Gc6,Rg8][%cal Yd1b3,Rb3g8,Ye3g5,Ye3h6,Yd2d5,Rd5g8] It turns
out that the c6 pawn is untouchable. And, as usually happens when a
breakthrough is just missed, the black pieces are poorly prepared for defense.}
Kg7 36. Bh6+ {See annotation to move 28!} Kf7 {Collapsing at once but} (36...
Kh8 37. Bg5 Qf8 38. Qd5 {was quite gloomy, too.}) 37. Bb3+ Ke8 38. Qd5 Ke7 39.
f4 (39. Bg5 $5 Qxg5 40. Qe6+ Kd8 41. Qxd6+ Ke8 42. Qe6+ Kd8 43. Rd1+ $18) 39...
Bc7 40. Bg5 1-0